| 000 | 00674nam a22001817a 4500 | ||
|---|---|---|---|
| 020 | _a9789693710809 | ||
| 082 |
_a891.4393 _bKAM |
||
| 100 | _aKamal,dr Muhammad Ashraf | ||
| 245 |
_aLasaniat or Zaban ki Tashkeel/ _cDr Muhammad Ashraf Kamal |
||
| 260 |
_aIslamabad; _bNational book foundation, _c2019. |
||
| 300 |
_a312 p. _c23cm. |
||
| 563 | _aPB | ||
| 650 |
_aLinguistics Theoretical approaches _9129675 |
||
| 880 |
_6100-01\(3\r _aڈاکٹر محمد اشرف کمال \ |
||
| 880 |
_6245-02\(3\r _aلسانیات اور زبان کی تشکیل\ |
||
| 880 |
_6260-03\(3\r _aاسلام آباد; _bنیشنل بک فاونڈیشن, _c2019. |
||
| 942 |
_2ddc _cBK |
||
| 999 |
_c614256 _d614256 |
||